| 000 | 01736nam a2200241Ia 4500 | ||
|---|---|---|---|
| 003 | 0 | ||
| 005 | 20250127101316.0 | ||
| 008 | 150126s9999 xx 000 0 und d | ||
| 050 |
_aPHS GV 706.5 _b.Am491 2014 |
||
| 100 | _aAmbatali, Wuren. | ||
| 245 |
_aCrowd influence on the athletic performance of SISC high school basketball varsity players / _cWuren Ambatali. |
||
| 260 |
_aLas PiƱas City, Philippines : _bSouthville International School and Colleges, _c2014. |
||
| 300 |
_a18 pages : _billustration ; _c28 cm. |
||
| 504 | _aIncludes bibliographical references. | ||
| 520 | _aThis research is about the athletic performance level of SISC High School Basketball Varsity players. Through the use of Purposive sampling the researcher was able to get the data needed for the research. The researcher found out that there was no significant difference in the athletic level of the SISC Basketball Varsity players when it comes to crowd influence. The researcher would like to recommend that another study should be made using another variable, equal number of respondents should also be considered and lastly another study should be conducted with other varsity team such as soccer and volleyball. These research aimed to know profile of the basketball varsity players in terms of gender, level of performance between the two groups of respondents and their significant difference on the level of performance between the two groups of respondents when it comes to crowd influence. | ||
| 650 | _aAthletic performance. | ||
| 650 | _aSports psychology. | ||
| 650 |
_aCrowds _vPsychological aspects. |
||
| 650 | _aMotivation in sports. | ||
| 650 | _aAudience behavior. | ||
| 650 | _aSocial influence. | ||
| 942 |
_2lcc _cPASS |
||
| 999 |
_c278642 _d278642 |
||